Journal of engineering, design and technology

Bibliographic Details
Corporate Author: Chartered Institute of Building (South Africa)
Format: Electronic Journal
Language:English
Published: Bellville, South Africa : Peninsula Technikon.
Bingley : Emerald.
Subjects:
Online Access:Full text available from Research Library: 01/01/2006 to 1 year ago

MARC

LEADER 00000nas a2200000 a 4500
001 ssj0068350
003 WaSeSS
005 20200512172242.0
006 m d
007 cr n
008 070228c20039999enkfr pss 0 0eng d
015 |a GBA8A6305  |2 bnb 
022 |a 1758-8901 
035 |a (WaSeSS)ssj0068350 
040 |a OCLCS  |b eng  |d WaSeSS 
042 |a issnuk  |a ukblsr 
043 |a f-sa--- 
050 1 4 |a TA1 
082 0 4 |a 620.005  |2 22 
130 0 |a Journal of engineering, design and technology (Online) 
210 0 |a J. eng. des. technol.  |b (Online) 
222 0 |a Journal of engineering, design and technology  |b (Online) 
245 1 0 |a Journal of engineering, design and technology  |h [electronic resource]. 
246 1 7 |a Journal for engineering, design and technology 
246 1 |i Abbreviated title:  |a JEDT 
246 3 0 |a Engineering, design and technology 
260 |a Bellville, South Africa :  |b Peninsula Technikon. 
260 |a Bingley :  |b Emerald. 
362 1 |a Print began with vol. 1, no. 1 (June 2003). 
500 |a Description based on print version record. 
506 |a License restrictions may limit access. 
550 |a Endorsed by the Chartered Institute of Building. 
650 0 |a Engineering  |v Periodicals. 
650 0 |a Engineering design  |v Periodicals. 
650 0 |a Industrial design  |v Periodicals. 
650 0 |a Technology  |v Periodicals. 
655 0 |a Electronic journals. 
710 2 |a Chartered Institute of Building (South Africa) 
776 1 |t Journal of engineering, design and technology  |x 1726-0531 
856 4 0 |z Full text available from Research Library: 01/01/2006 to 1 year ago  |u https://search.proquest.com/publication/1006423